| 000 | 00751nmm a2200277 a 4500 | ||
|---|---|---|---|
| 003 | AR-BaBNM | ||
| 005 | 20251128203800.0 | ||
| 008 | 117019s1968 ||||||||||||||000 | spa|| | ||
| 040 | _cAR-BaBNM | ||
| 100 | 1 | _aLennon de Errandonéa, María Emilia | |
| 245 | 1 | 0 | _aLos medios audiovisuales en la enseñanza |
| 250 | _a1ª ed. | ||
| 260 |
_aBuenos Aires _bF. Crespillo _c1968 |
||
| 300 |
_a168 p. _bil. |
||
| 650 | 4 | _aMEDIOS AUDIOVISUALES | |
| 650 | 4 | _aMEDIOS DE ENSENANZA | |
| 650 | 4 | _aMEDIOS DE COMUNICACION | |
| 650 | 4 | _aAUXILIARES AUDIOVISUALES | |
| 650 | 4 | _aRADIO EDUCATIVA | |
| 650 | 4 | _aCINE | |
| 650 | 4 | _aEDUCACION ARTISTICA | |
| 650 | 4 | _aENSENANZA PROGRAMADA | |
| 650 | 4 | _aTECNOLOGIA EDUCATIVA | |
| 942 | _cBK | ||
| 998 | _cCarmen | ||
| 999 |
_c4926 _d4926 |
||